unjumble the Christmas songs - Statistics

General Stats
  • This quiz has been taken 124 times
  • The average score is 13 of 14
Answer Stats
Hint Answer % Correct
jnigel lebls jingle bells
100%
tel ti nosw let it snow
100%
lohly lojly machrists holly jolly christmas
98%
Snata lacus si ocmnig ot wotn santa claus is coming to town
97%
ewhti mtsashcri white christmas
97%
lal i nawt fro tssamchir si ouy all i want for christmas is you
96%
salt hcrimasts last christmas
96%
gjilen lble korc jingle bell rock
95%
kignroc radnuo teh samcrhist etre rocking around the christmas tree
92%
ahev syeolufr a remyre tilet hismacrts have yourself a merry little christmas
91%
naats abby santa baby
91%
yabb tis locd tusoedi baby it's cold outside
88%
tsyfor het wonmans frosty the snowman
86%
nsietl gnthi silent night
74%
No matching quizzes found
Score Distribution
Percent of People with Each Score
Percentile by Number Answered
Your Score History
You have not taken this quiz